Statistics for Easternmost U.S States

Click here to take the quiz!

General Stats

  • This quiz has been taken 93 times
  • The average score is 9 of 10

Answer Stats

°WAnswer% Correct
66.9Maine
98%
71.9New York
94%
71.1Rhode Island
92%
71.5Vermont
90%
70.6New Hampshire
88%
73.9New Jersey
85%
69.9Massachusetts
83%
71.8Connecticut
82%
74.7Pennsylvania
73%
172.4 (°W)Alaska
70%

Score Distribution

Percentile by Number Answered

Percent of People with Each Score

Your Score History

You have not taken this quiz